Roblox Piggy Characters - Statistics

General Stats
  • This quiz has been taken 41 times
    27 since last reset
  • The average score is 85 of 201
Answer Stats
Picture Answer % Correct
Beary
92%
Angel
83%
Budgey
75%
Bunny
75%
Clowny
75%
Doggy
75%
Father
75%
Georgie
75%
Ghosty
75%
Giraffy
75%
Memory
75%
Mr. P.
75%
Mrs. P.
75%
Piggy
75%
Pony
75%
Teacher
75%
Zompiggy
75%
Badgy
67%
Billy
67%
Crove
67%
Daisy
67%
Dessa
67%
Devil
67%
Dinopiggy
67%
Elly
67%
Felix
67%
Foxy
67%
Gurty
67%
Kitty
67%
Kolie
67%
Mimi
67%
Mousy
67%
Pickle Rick
67%
Sheepy
67%
Tigry
67%
TIO
67%
Torcher
67%
Zizzy
67%
Alfis
58%
Archie
58%
Bess
58%
Crawling trap / Umbra
58%
Delta
58%
Distorted Piggy
58%
Duocara
58%
Eddy
58%
Frostiggy
58%
Glenn
58%
Gold Piggy
58%
Grandmother
58%
GUESTY
58%
Gus
58%
Katie
58%
Kona
58%
Moopy
58%
Mother
58%
Officer Doggy
58%
Owell
58%
Pandy
58%
Parasee
58%
Penny
58%
Poley
58%
Pumpiggy
58%
Rash
58%
Robby
58%
Skelly
58%
Sketchy
58%
Soldier
58%
Spidella
58%
Twins
58%
William
58%
Willow
58%
Zack
58%
Anteo
50%
Baren
50%
Bela
50%
Blatt
50%
Cornelia
50%
Dakoda
50%
Danny
50%
Decaying Infected
50%
DJ
50%
Filip
50%
Finley
50%
Friend
50%
Glitchy
50%
Jack
50%
Kamosi
50%
Kraxicorde
50%
Laura
50%
Little Brother
50%
Mari
50%
Markus
50%
Monroe
50%
Mr. Bliss
50%
Mr. Stitchy
50%
Phenna
50%
Raze
50%
Reindessa
50%
Sentinel
50%
Silzous
50%
The Chained
50%
Bobby
42%
Bobby
42%
Bonnet
42%
Carver
42%
Centrell
42%
Doctor Piggy
42%
Eloise
42%
Fergus
42%
Kenneth
42%
Meisery
42%
Nor
42%
Ombra
42%
Party Piggy
42%
Primrose
42%
Sabrina
42%
Sam
42%
Sparky
42%
The Prototype
42%
Tobi
42%
Bakari
33%
Ben
33%
Boris
33%
Brella
33%
Cyborg Doggy
33%
Dmitry
33%
Eelektra
33%
Elf
33%
Hornz
33%
Jakayla
33%
Jester
33%
Krampiggy
33%
Lisa
33%
Mary
33%
Penelope
33%
Pepper
33%
Percy
33%
Peter
33%
Rachna
33%
Russo
33%
AJ
25%
Crissy
25%
Cupig
25%
Darcy
25%
Frozen Pony
25%
Kasey
25%
Krampus
25%
Marley Russell
25%
Mega Tank
25%
Porter
25%
Scry
25%
Skuld
25%
The Jawbreaker
25%
The Psycho
25%
Wei-Min
25%
Beatrice
17%
Detective
17%
Diala
17%
Frozen Corpse
17%
Geluda
17%
Gryffyn
17%
Hara
17%
Kelvin
17%
Lonesome Wayfarer
17%
Lotham
17%
Moil
17%
Mr. Cartoon
17%
Persy
17%
Scarletta
17%
Shardantus
17%
Snow Piggy
17%
Valentine Teddy
17%
Vulture
17%
Ace
8%
Anveous
8%
Blim
8%
Bremma
8%
Catasorus
8%
Dilitricio
8%
Eric
8%
Gobi
8%
Nessionate Assister
8%
Paco
8%
Payton
8%
Peb
8%
Pistone
8%
Roger
8%
Scarecrow
8%
Skull Lady
8%
Slimey
8%
Soulkeeper
8%
Sterling
8%
The Malevolent
8%
Traveller
8%
Unknown Traitor
8%
Walious
8%
Woshe
8%
Skeleton Ghoul
0%
The Whisper
0%
Wrole
0%
No matching quizzes found
Score Distribution
Percent of People with Each Score
Percentile by Number Answered
Your Score History
You have not taken this quiz since the last reset